Chifoumi - Statistiques

Statistiques générales
  • Ce quiz a été pris 184 fois
  • Le résultat moyen est 5 sur 6
Statistiques - réponses
Numéro Objet 1 Objet 2 Vainqueur % Correct
1 Pierre Feuille Feuille
100%
2 Ciseaux Pierre Pierre
98%
3 Ciseaux Puits Puits
94%
4 Feuille Puits Feuille
87%
5 Ciseaux Feuille Ciseaux
79%
6 Puits Pierre Puits
71%
Aucun quiz correspondant
Distribution des résultats
% des personnes avec chaque résultat
Percentile par nombre de réponses
Votre historique - résultats
Vous n’avez pas pris ce quiz